| 000 | 00726cam a22002411 4500 | ||
|---|---|---|---|
| 001 | sa 67004564 | ||
| 003 | DLC | ||
| 005 | 20260227112348.0 | ||
| 008 | 870306s1967 ii b 000 0 hin | ||
| 010 | _asa 67004564 | ||
| 035 | _a(OCoLC)15280409 | ||
| 040 |
_aDLC _cNRU _dNRU _dDLC |
||
| 042 | _apremarc | ||
| 043 | _aa-ii--- | ||
| 050 | 0 | 0 |
_aDS446 _b.S45 |
| 100 | 1 |
_aSaran, Parmatma, _d1943- |
|
| 245 | 1 | 0 |
_aPrācīna Bhārata meṃ rājanītika vicāra evaṃ saṃsthāyeṃ. _c[Lekhaka] Paramātmā Śaraṇa. |
| 260 |
_aMeraṭha, _bMinākśī Prakāśana _c[1967] |
||
| 300 |
_a556 p. _c23 cm. |
||
| 500 | _aIn Hindi. | ||
| 504 | _aBibliography: p. [547]-549. | ||
| 651 | 0 |
_aIndia _xPolitics and government _yTo 997. |
|
| 999 |
_c74586 _d74586 |
||